00888nam a22002417a 450000500170000001000150001702000270003203500140005903700140007308200180008710000280010524501030013325000140023626000310025027000830028130000310036450000300039570000190042570000190044494200320046399900190049595201320051420180713114301.0 aENG-123462 c3395.00a9789386515131 aEN-106994 bDBAD/PUB. a347.540502468 aMulla, Dinshaw Fardunji aThe code of civil procedure abridged /cby Dinshaw Fardunji Mulla; Deepak Verma [and] Namit Saxena a17th edn. aGurgaonbLexis Nexisc2018 a14th floor, Building No-10, Tower-B, DLF Cyber City, Phase-11bGurgaone122002 acccxlixlv,2340p.c24cm(Hb) aIt includes subject index a Verma, Deepak a Saxena, Namit 2ddccENmMULh347.540502468 c153952d153952 001040718NFICaDBADbBNd2018-07-13eDBAD/PUBg3395.00l0o347.540502468 MULpEN-106994r2018-07-13 00:00:00t1v3395.00yEN